<?xml version="1.0" encoding="UTF-8"?>
<record
    xmlns:xsi="http://www.w3.org/2001/XMLSchema-instance"
    xsi:schemaLocation="http://www.loc.gov/MARC21/slim http://www.loc.gov/standards/marcxml/schema/MARC21slim.xsd"
    xmlns="http://www.loc.gov/MARC21/slim">

  <leader>01503nam a22002777a 4500</leader>
  <controlfield tag="003">OSt</controlfield>
  <controlfield tag="005">20210312154913.0</controlfield>
  <controlfield tag="008">210312s2011    ck ao||gr|||| 00| 0 spa d</controlfield>
  <datafield tag="020" ind1=" " ind2=" ">
    <subfield code="a">9789589979303</subfield>
  </datafield>
  <datafield tag="040" ind1=" " ind2=" ">
    <subfield code="a">CO-JMCR</subfield>
    <subfield code="c">CO-JMCR</subfield>
  </datafield>
  <datafield tag="041" ind1="0" ind2=" ">
    <subfield code="a">spa</subfield>
  </datafield>
  <datafield tag="082" ind1=" " ind2=" ">
    <subfield code="a">590.986152 / </subfield>
    <subfield code="b">O668c</subfield>
    <subfield code="2">23</subfield>
  </datafield>
  <datafield tag="100" ind1="1" ind2=" ">
    <subfield code="a">Orejuela G&#xE4;rtner, Jorge Enrique, </subfield>
    <subfield code="e">autor</subfield>
    <subfield code="9">36019</subfield>
  </datafield>
  <datafield tag="245" ind1="1" ind2="3">
    <subfield code="a">El club campestre de Cali : </subfield>
    <subfield code="b">Santuario de vida silvestre / </subfield>
    <subfield code="c">Jorge Enrique Orejuela G&#xE4;rtner, German Pati&#xF1;o Ossa, Willian Gerardo Vargas, [y 2 m&#xE1;s]</subfield>
  </datafield>
  <datafield tag="250" ind1=" " ind2=" ">
    <subfield code="a">Primera edici&#xF3;n </subfield>
  </datafield>
  <datafield tag="260" ind1=" " ind2=" ">
    <subfield code="a">Cali, (Colombia) : </subfield>
    <subfield code="b">El color de Colombia ediciones art&#xED;sticas,  </subfield>
    <subfield code="c">2011</subfield>
  </datafield>
  <datafield tag="300" ind1=" " ind2=" ">
    <subfield code="a">212 p&#xE1;ginas : </subfield>
    <subfield code="b">ilustraciones y fotograf&#xED;as a color ; </subfield>
    <subfield code="c">33 cm.</subfield>
  </datafield>
  <datafield tag="505" ind1="2" ind2=" ">
    <subfield code="t">Rincones con historia / </subfield>
    <subfield code="r">German Pati&#xF1;o Ossa -- </subfield>
    <subfield code="t">Sobre el paisaje y la vegetaci&#xF3;n del Club / </subfield>
    <subfield code="r">William Gerardo Vargas -- </subfield>
    <subfield code="t">Paisajismo y arquitectura / </subfield>
    <subfield code="r">Carlos Alberto Sinisterra Aulestia -- </subfield>
    <subfield code="t">Sendero ecol&#xF3;gico / </subfield>
    <subfield code="r">William G&#xF3;mez Camacho -- </subfield>
    <subfield code="t">Las aves del club / </subfield>
    <subfield code="r">Jorge Enrique Orejuela G&#xE4;rtner -- </subfield>
    <subfield code="t">Anfibios, reptiles y mam&#xED;feros de club / </subfield>
    <subfield code="r">Wilmar Bol&#xED;var Garc&#xED;a -- </subfield>
    <subfield code="t">Biodiversidad y conservaci&#xF3;n / </subfield>
    <subfield code="r">Jorge Enrique Orejuela G&#xE4;rtner </subfield>
  </datafield>
  <datafield tag="650" ind1="1" ind2="4">
    <subfield code="a">Biodiversidad </subfield>
    <subfield code="z">Cali</subfield>
    <subfield code="9">36020</subfield>
  </datafield>
  <datafield tag="650" ind1="2" ind2="4">
    <subfield code="a">Historia del club de Cali </subfield>
    <subfield code="9">36021</subfield>
  </datafield>
  <datafield tag="650" ind1="2" ind2="4">
    <subfield code="a">Vegetaci&#xF3;n </subfield>
    <subfield code="z">Cali</subfield>
    <subfield code="9">36022</subfield>
  </datafield>
  <datafield tag="700" ind1="1" ind2=" ">
    <subfield code="a">Pati&#xF1;o Sossa, German, </subfield>
    <subfield code="e">autor</subfield>
    <subfield code="9">36023</subfield>
  </datafield>
  <datafield tag="700" ind1="1" ind2=" ">
    <subfield code="a">Bol&#xED;var Garc&#xED;a, Wilmar, </subfield>
    <subfield code="e">autor </subfield>
    <subfield code="9">36024</subfield>
  </datafield>
  <datafield tag="700" ind1="1" ind2=" ">
    <subfield code="a">Gerardo Vargas, William, </subfield>
    <subfield code="e">autor</subfield>
    <subfield code="9">36025</subfield>
  </datafield>
  <datafield tag="942" ind1=" " ind2=" ">
    <subfield code="2">ddc</subfield>
    <subfield code="c">BK</subfield>
  </datafield>
  <datafield tag="999" ind1=" " ind2=" ">
    <subfield code="c">15359</subfield>
    <subfield code="d">15359</subfield>
  </datafield>
  <datafield tag="952" ind1=" " ind2=" ">
    <subfield code="0">0</subfield>
    <subfield code="1">0</subfield>
    <subfield code="2">ddc</subfield>
    <subfield code="4">0</subfield>
    <subfield code="7">0</subfield>
    <subfield code="a">CPL</subfield>
    <subfield code="b">CPL</subfield>
    <subfield code="c">GEN</subfield>
    <subfield code="d">0000-00-00</subfield>
    <subfield code="e">Donaci&#xF3;n</subfield>
    <subfield code="l">4</subfield>
    <subfield code="o">590.986152 / O668c</subfield>
    <subfield code="p">201810827</subfield>
    <subfield code="r">2026-04-08 16:37:42</subfield>
    <subfield code="s">2026-04-08</subfield>
    <subfield code="t">Ej.1</subfield>
    <subfield code="w">0000-00-00</subfield>
    <subfield code="y">BK</subfield>
  </datafield>
</record>
